| 000 | 00393nam a22001217a 4500 | ||
|---|---|---|---|
| 082 | _a200 THE | ||
| 100 |
_aMuhammad Shoaib Ahmed Khan _970151 |
||
| 245 | _aTH-SOF-1287-Modelling and Simulation of Solar Absorption Cooling System using TRNSYS | ||
| 260 |
_aIslamabad _bNUST College of EME _c2016 |
||
| 650 | _aMS-MECH-76 MSTHESIS | ||
| 700 |
_aSupervisor Dr. Tariq Talha _969775 |
||
| 942 | _cCF | ||
| 999 |
_c577183 _d577183 |
||